Boolean algebra and its uses (Record no. 81177)

MARC details
000 -LEADER
fixed length control field 00842nam a2200229 a 4500
008 - FIXED-LENGTH DATA ELEMENTS--GENERAL INFORMATION
fixed length control field 080109s1974 ||||||||||||||||| || u
020 ## - INTERNATIONAL STANDARD BOOK NUMBER
International Standard Book Number 0442300077
020 ## - INTERNATIONAL STANDARD BOOK NUMBER
International Standard Book Number 0442300077
050 ## - LIBRARY OF CONGRESS CALL NUMBER
Classification number QA 10.3 Sou
100 ## - MAIN ENTRY--PERSONAL NAME
Personal name South, G. F
245 10 - TITLE STATEMENT
Title Boolean algebra and its uses
260 ## - PUBLICATION, DISTRIBUTION, ETC.
Place of publication, distribution, etc. New York
Name of publisher, distributor, etc. Van Nostrand and Reinhold
Date of publication, distribution, etc. 1974
300 ## - PHYSICAL DESCRIPTION
Extent 102p.
350 ## -
-- 0.00
490 ## -
-- VNR new mathematics library
490 ## -
-- 4
500 ## - GENERAL NOTE
General note Includes index.
650 ## - SUBJECT ADDED ENTRY--TOPICAL TERM
Topical term or geographic name entry element SWITCHING THEORY
650 ## - SUBJECT ADDED ENTRY--TOPICAL TERM
Topical term or geographic name entry element TEXTBOOKS
995 ## -
-- MAIN LIBRARY OPEN ACCESS
-- 0.00
-- 721815
-- CBU-MAIN LIBRARY (Kitwe)
-- 2
-- 3.50
-- QA 10.3 Sou
-- 2
-- AVAILABLE
-- 011073
-- Main Library Open Access Collection
995 ## -
-- MAIN LIBRARY OPEN ACCESS
-- 0.00
-- 713263
-- CBU-MAIN LIBRARY (Kitwe)
-- 1
-- 3.50
-- QA 10.3 Sou
-- 1
-- AVAILABLE
-- 011072
-- Main Library Open Access Collection
999 ## -
-- 81177
-- 81177
Holdings
Withdrawn status Lost status Source of classification or shelving scheme Damaged status Not for loan Permanent Location Current Location Shelving location Date acquired Total Checkouts Full call number Barcode Date last seen Copy number Price effective from Koha item type
          CBU-MAIN LIBRARY, KITWE. CBU-MAIN LIBRARY, KITWE.   07/19/2023   QA 10.3 Sou 011073 07/19/2023 1 07/19/2023 MONOGRAPH
          CBU-MAIN LIBRARY, KITWE. CBU-MAIN LIBRARY, KITWE.   07/19/2023   QA 10.3 Sou 011072 07/19/2023 2 07/19/2023 MONOGRAPH